Plant growth (Record no. 23609)

MARC details
000 -LEADER
fixed length control field 00249nam a2200109Ia 4500
100 ## - MAIN ENTRY--AUTHOR NAME
Personal name Black, M
245 #0 - TITLE STATEMENT
Title Plant growth
260 ## - PUBLICATION, DISTRIBUTION, ETC. (IMPRINT)
Place of publication London
Name of publisher Heinemann
Year of publication 1970
700 ## - ADDED ENTRY--PERSONAL NAME
Personal name Edelman, J
942 ## - ADDED ENTRY ELEMENTS (KOHA)
Koha item type Books
Holdings
Withdrawn status Lost status Damaged status Not for loan Home library Current library Date acquired Accession Number Koha item type
      Write off RRII Library RRII Library 16/12/2021 04307 Books